Estatísticas para 50 Importantes Artistas/Bandas do Brasil

Clique aqui para jogar o quiz

Estatísticas Gerais

  • Esse quiz foi jogado 194 vezes
  • A pontuação média é 30 de 50

Estatísticas das Respostas

Estilo MúsicalMúsicas FamosasResposta% Correto
FunkEnvolver, Show das Poderosas, BangAnitta
94%
RockTempo Perdido, Faroeste Caboclo, Pais e FilhosLegião Urbana
89%
Pop RockExagerado, O Tempo Não ParaCazuza
88%
SertanejoInfiel, Eu Sei de Cor, SuperaMarília Mendonça
84%
Bossa nova/MPBComo É Grande o Meu Amor Por Você, Esse Cara Sou EuRoberto Carlos
84%
SertanejoEvidências, Fio de CabeloChitãozinho e Xororó
81%
SambaAmiga da Minha Mulher, BurguesinhaSeu Jorge
81%
AxéQuando a Chuva Passar, Arerê, PoeiraIvete Sangalo
78%
Rap/Hip HopCéu Azul, Dias de Luta Dias de Glória, Só Os Loucos SabemCharlie Brown Jr.
77%
Pop RockMetamorfose Ambulante, Maluco BelezaRaul Seixas
76%
MPBJoão e Maria, Construção, CáliceChico Buarque
75%
SambaTá Vendo Aquela Lua, Me Apaixonei Pela Pessoa ErradaExaltasamba
75%
PopMania de Você, Erva VenenosaRita Lee
74%
SoulAzul da Cor do Mar, Gostava Tanto de VocêTim Maia
74%
MPBAnunciação, La Belle de JourAlceu Valença
73%
MPBSozinho, Sampa, Você Não Me Ensinou a Te EsquecerCaetano Veloso
71%
MPBComo Nossos Pais, O Bêbado e a EquilibristaElis Regina
71%
RockAnna Júlia, Último Romance, LisbelaLos Hermanos
70%
Bossa nova/MPBGarota de Ipanema, CorcovadoTom Jobim
69%
MPBOceano, Eu Te Devoro, AzulDjavan
66%
ForróAsa Branca, O Xote Das MeninasLuiz Gonzaga
66%
PopVâmo pulá!, Abra a porta MariquinhaSandy e Junior
66%
RockEpitáfio, É Preciso Saber ViverTitãs
66%
SambaCheia de Manias, É Tarde DemaisRaça Negra
65%
Rap/Hip-HopVida Loka, Nego Drama, Diário de Um DetentoRacionais MC's
64%
IndieAdmirável Chip Novo, Na Sua EstantePitty
61%
Pop RockTempos Modernos, Apenas Mais Uma de AmorLulu Santos
59%
MPBChove Chuva, País TropicalJorge Ben Jor
58%
Bossa nova/MPBGarota de Ipanema, A CasaVinicius de Moraes
56%
MPBPalco, Não Chore MaisGilberto Gil
54%
SambaAinda Bem, Amor I Love You, DepoisMarisa Monte
54%
FunkFico Assim Sem Você, XeretaClaudinho e Buchecha
50%
MPBRosas, É Isso AíAna Carolina
49%
MPBTico-tico No Fubá, Mamãe Eu QueroCarmen Miranda
48%
PopShimbalaiê, João de BarroMaria Gadú
48%
MPBMaria Maria, Travessia, CáliceMilton Nascimento
48%
MPBPoema, Homem com HNey Matogrosso
48%
AxéVermelho, O Canto da CidadeDaniela Mercury
47%
MPBBorbulhas de Amor, Espumas Ao VentoFagner
46%
MPBMentiras, Fico Assim Sem VocêAdriana Calcanhotto
45%
MPBO Mundo É Um Moinho, Preciso Me EncontrarCartola
45%
SambaQuando a gira girou, Sonho meuZeca Pagodinho
43%
SambaMulheres, DisritmiaMartinho da Vila
39%
MPBMulher (Sexo Frágil), Gatinha ManhosaErasmo Carlos
36%
MPBPantanal, Brincar de ViverMaria Bethânia
36%
FunkMina de Vermelho, Angra dos ReisMC Daleste
31%
ManguebeatA Cidade, Manguetown, Da Lama Aos CaosChico Science
29%
MPBAquarela do Brasil, O PatoJoão Gilberto
29%
MetalRoots Bloody Roots, OrgasmatronSepultura
29%
MPBCarinhoso, RosaPixinguinha
21%

Distribuição das Pontuações

Percentil de Números Respondidos

Porcentagem de Pessoas com Cada Pontuação

Sua Pontuação Histórica

Você não jogou esse quiz